Advances in clinical cognitive science : formal modeling of processes and symptoms (Record no. 4761)

MARC details
000 -LEADER
fixed length control field 00737nam a22002057a 4500
003 - CONTROL NUMBER IDENTIFIER
control field OSt
005 - DATE AND TIME OF LATEST TRANSACTION
control field 20251009025545.0
008 - FIXED-LENGTH DATA ELEMENTS--GENERAL INFORMATION
fixed length control field 251009b |||||||| |||| 00| 0 eng d
020 ## - INTERNATIONAL STANDARD BOOK NUMBER
International Standard Book Number 13 : 978-1-59147-784-6.
040 ## - CATALOGING SOURCE
Original cataloging agency DWCL-Admin lib
Transcribing agency OC
082 ## - DEWEY DECIMAL CLASSIFICATION NUMBER
Classification number Circ. 616.89075 Ad244 2007
100 ## - MAIN ENTRY--PERSONAL NAME
Personal name Neufeld, Richard W. J.
245 ## - TITLE STATEMENT
Title Advances in clinical cognitive science : formal modeling of processes and symptoms
Statement of responsibility, etc. Richard W. J. Neufeld
260 ## - PUBLICATION, DISTRIBUTION, ETC.
Name of publisher, distributor, etc. American Psychological Association,
Place of publication, distribution, etc. Washington DC. :
Date of publication, distribution, etc. c 2007
300 ## - PHYSICAL DESCRIPTION
Extent ix, 319 p. : ill. ;
Dimensions 26 cm.
504 ## - BIBLIOGRAPHY, ETC. NOTE
Bibliography, etc. note Includes bibliographical references & index.
650 ## - SUBJECT ADDED ENTRY--TOPICAL TERM
Topical term or geographic name entry element 1. Cognitive Science.
650 ## - SUBJECT ADDED ENTRY--TOPICAL TERM
Topical term or geographic name entry element 2. Psychology, Pathological.
942 ## - ADDED ENTRY ELEMENTS (KOHA)
Source of classification or shelving scheme Dewey Decimal Classification
Koha item type Book Circulation
Call number prefix Circ.
Suppress in OPAC No
952 ## - LOCATION AND ITEM INFORMATION (KOHA)
--
Holdings
Withdrawn status Lost status Source of classification or shelving scheme Damaged status Not for loan Home library Current library Shelving location Date acquired Source of acquisition Cost, normal purchase price Total Checkouts Full call number Barcode Date last seen Copy number Price effective from Koha item type Uniform Resource Identifier
    Dewey Decimal Classification     HM & Nursing Library HM & Nursing Library Circulation 03/21/2011 School Fund 0.00   Circ. 616.89075 Ad244 2007 48254 10/09/2025 c1 10/09/2025 BK-CIRC